Statistics for American Universities by Clue

Click here to take the quiz!

General Stats

  • This quiz has been taken 4,947 times
  • The average score is 12 of 20

Answer Stats

Hint University % Correct
School whose famous dropouts include Mark Zuckerberg and Bill GatesHarvard
98%
Both Presidents Bush were members of this school's secret "Skull and Bones" societyYale
92%
Most prominent Mormon UniversityBrigham Young
78%
Gatorade was invented to "aid" this university's athletesFlorida
70%
Bay Area university whose gigantic campus has a land value of perhaps $50 billionStanford
69%
Baltimore university whose medical school is often ranked #1Johns Hopkins
69%
Woodrow Wilson led this university before becoming PresidentPrinceton
68%
Virginia college named after an English king and queenWilliam & Mary
62%
"Animal House" was based on this Ivy League school in New HampshireDartmouth
58%
Pittsburgh school named for a steel baronCarnegie Mellon
58%
Founded by Thomas JeffersonVirginia
57%
Its lacrosse team was falsely accusedDuke
57%
The state university of New JerseyRutgers
54%
Where four Vietnam War protestors were killed in 1970Kent State
53%
Pasadena university where the guys from "The Big Bang Theory" workCaltech
52%
The second largest university in the state of AlabamaAuburn
50%
Trained black pilots during WWIITuskegee
41%
Midwestern university famous for wrestling and creative writingIowa
39%
Enrico Fermi built the world's first nuclear reactor at this Midwestern school in 1942Chicago
39%
Ohio liberal arts school that was the first co-ed college in the U.S.Oberlin
29%

Score Distribution

Percentile by Number Answered

Percent of People with Each Score

Your Score History

You have not taken this quiz